000 01096aam a2200313 i 4500
001 76714001
003 CO-MdFUSB
005 20250903091800.0
007 ta
008 250902t19 |||||||| |||| 00| 0 spa d
040 _aCO-MdFUSB
_bspa
_cCO-MdFUSB
_dCO-MdFUSB
_erda
041 0 _aspa
082 0 4 _223
_a250
_bS7723n
100 1 _aSpurgeon, C. H. (Charles Haddon) (1834-1892)
_eautor
245 1 0 _aUn ministerio ideal :
_bconferencias a ministros y estudiantes
_c / C. H. Spurgeon ; traducido por Miguel Blanch , Manuel Martin
264 1 _bEl Estandarte de la Verdad,
_aCarlisle, Pennsylvania, USA : El Estandarte de la Verdad
_c[1933]
264 4 _c©1933
300 _a200 páginas
336 _atexto
_btxt
_2rdacontent
337 _2rdamedia
_asin mediación
_bn
338 _2rdacarrier
_avolumen
_bnc
505 _at.1 : El pastor y su persona t.2 : El pastor y su mensaje
563 _aRústico
650 1 7 _aTeología pastoral
_9227
700 _aBlanch, Miguel,
_911312
_etraductor
700 _aMartín, Manuel,
_911902
_etraductor
942 _cBK
945 _aElías Tolentino
999 _c38455
_d38455